[Event "HUN-chT2 Erkel 1112"]
[Site "Hungary"]
[Date "2012.03.12"]
[Round "7.11"]
[White "Szucs, Imre"]
[Black "Kalmar, Karoly"]
[Result "0-1"]
[WhiteElo "1869"]
[BlackElo "1998"]
[PlyCount "78"]
[EventDate "2011.09.25"]
[EventType "team-tourn"]
[EventRounds "11"]
[EventCountry "HUN"]
[SourceTitle "EXT 2013"]
[Source "ChessBase"]
[SourceDate "2012.11.22"]
[SourceVersion "1"]
[SourceVersionDate "2012.11.22"]
[SourceQuality "1"]
[WhiteTeam "Honved II"]
[BlackTeam "Dunaharaszti"]
[WhiteTeamCountry "HUN"]
[BlackTeamCountry "HUN"]

1. d4 d5 2. Nf3 Nf6 3. Bf4 c5 4. e3 Qb6 5. Qc1 cxd4 6. exd4 Nc6 7. c3 Bf5 8. Be2 Rc8 9. Nbd2 h6 10. 0-0 e6 11. Re1 Be7 12. Be3 Nb4 13. Ne5 Nc2 14. Nb3 Nxe1 15. Qxe1 0-0 16. g4 Bh7 17. f3 Qc7 18. Qd2 Nd7 19. f4 Nxe5 20. fxe5 f6 21. Nc5 Bxc5 22. dxc5 fxe5 23. Re1 Be4 24. b4 Rf7 25. a4 Rcf8 26. a5 Bf3 27. a6 Bxe2 28. Qxe2 Rf3 29. axb7 Qxb7 30. b5 Qe7 31. g5 hxg5 32. b6 g4 33. c6 axb6 34. Bxb6 e4 35. c4 Qd6 36. cxd5 exd5 37. Qc2 Rc8 38. Rc1 Rf6 39. Bd4 Rxc6 0-1

[Event "Budapest-chT1 Lilienthal 1011"]
[Site "Budapest"]
[Date "2011.01.23"]
[Round "7"]
[White "Sziklai, Istvan"]
[Black "Szucs, Imre"]
[Result "1/2-1/2"]
[WhiteElo "1795"]
[BlackElo "1875"]
[PlyCount "31"]
[EventDate "2010.09.19"]
[EventType "team-tourn"]
[EventRounds "11"]
[EventCountry "HUN"]
[SourceTitle "EXT 2020"]
[Source "ChessBase"]
[SourceDate "2019.10.17"]
[SourceVersion "1"]
[SourceVersionDate "2019.10.17"]
[SourceQuality "1"]
[WhiteTeam "Taban Spartacus II"]
[BlackTeam "Budapest Honved III"]
[WhiteTeamCountry "HUN"]
[BlackTeamCountry "HUN"]

1. e4 Nf6 2. e5 Nd5 3. d4 d6 4. c4 Nb6 5. f4 Bf5 6. Nf3 e6 7. Bd3 Bxd3 8. Qxd3 g6 9. 0-0 Bg7 10. Nc3 0-0 11. Be3 Nc6 12. Rad1 d5 13. cxd5 Nxd5 14. a3 Nce7 15. Ne4 Nxe3 16. Qxe3 1/2-1/2

[Event "HUN-chT2 Breyer 0708"]
[Site "Hungary"]
[Date "2007.10.14"]
[Round "1"]
[White "Florian, Mark"]
[Black "Szucs, Imre"]
[Result "1-0"]
[WhiteElo "1991"]
[BlackElo "2043"]
[PlyCount "51"]
[EventDate "2007.10.14"]
[EventType "team-tourn"]
[EventRounds "11"]
[EventCountry "HUN"]
[SourceTitle "EXT 2009"]
[Source "ChessBase"]
[SourceDate "2008.11.26"]
[SourceVersion "1"]
[SourceVersionDate "2008.11.26"]
[SourceQuality "1"]
[WhiteTeam "Esztergom"]
[BlackTeam "Honved II"]
[WhiteTeamCountry "HUN"]
[BlackTeamCountry "HUN"]

1. f4 Nf6 2. b3 c5 3. e3 d5 4. Bb2 Nc6 5. Bb5 Bd7 6. Nf3 e6 7. d3 Qb6 8. Bxc6 bxc6 9. c4 Be7 10. Ne5 Bc8 11. Nd2 g6 12. g4 0-0 13. h4 Nd7 14. g5 Nxe5 15. fxe5 d4 16. Ne4 Qc7 17. exd4 cxd4 18. Bxd4 c5 19. Bc3 Bb7 20. Qg4 Rfd8 21. Ke2 Bc6 22. h5 Qb7 23. hxg6 Rxd3 24. Qh5 Bxg5 25. Qxg5 Bxe4 26. gxh7+ 1-0

[Event "HUN-chT2 Breyer 0405"]
[Site "Hungary"]
[Date "2005.04.24"]
[Round "11"]
[White "Szucs, Imre"]
[Black "Gal, Lajos"]
[Result "1/2-1/2"]
[WhiteElo "2074"]
[BlackElo "2129"]
[PlyCount "21"]
[EventDate "2004.09.26"]
[EventType "team-tourn"]
[EventRounds "11"]
[EventCountry "HUN"]
[SourceTitle "EXT 2009"]
[Source "ChessBase"]
[SourceDate "2008.11.26"]
[SourceVersion "1"]
[SourceVersionDate "2008.11.26"]
[SourceQuality "1"]
[WhiteTeam "Vizugy II"]
[BlackTeam "Zoltek"]
[WhiteTeamCountry "HUN"]
[BlackTeamCountry "HUN"]

1. d4 d5 2. Nf3 Nf6 3. Bf4 e6 4. e3 c5 5. c3 Qb6 6. Qb3 Nbd7 7. Nbd2 a6 8. Be2 Be7 9. 0-0 0-0 10. Qxb6 Nxb6 11. Ne5 1/2-1/2

[Event "HUN-chT2 Breyer 0304"]
[Site "Hungary"]
[Date "2004.02.22"]
[Round "8"]
[White "Szucs, Imre"]
[Black "Toth, Tamas"]
[Result "0-1"]
[WhiteElo "2037"]
[BlackElo "2022"]
[PlyCount "124"]
[EventDate "2003.09.28"]
[EventType "team-tourn"]
[EventRounds "11"]
[EventCountry "HUN"]
[SourceTitle "EXT 2009"]
[Source "ChessBase"]
[SourceDate "2008.11.26"]
[SourceVersion "1"]
[SourceVersionDate "2008.11.26"]
[SourceQuality "1"]
[WhiteTeam "Vizugy II"]
[BlackTeam "Turul"]
[WhiteTeamCountry "HUN"]
[BlackTeamCountry "HUN"]

1. d4 d5 2. e4 dxe4 3. Nc3 Nf6 4. Bg5 Bf5 5. Qe2 Qxd4 6. Qb5+ Bd7 7. Qxb7 Qb6 8. Qxa8 Bc6 9. Bb5 Bxb5 10. Be3 Bc6 11. Bxb6 Bxa8 12. Be3 a6 13. Nge2 e6 14. 0-0 Bd6 15. Rad1 Ng4 16. Ng3 f5 17. Bc1 Nd7 18. h3 Ngf6 19. Rfe1 h6 20. a3 g5 21. b4 Rg8 22. Nf1 h5 23. Ne2 h4 24. Nd4 Kf7 25. c4 g4 26. hxg4 Nxg4 27. c5 e3 28. f3 Nf2 29. cxd6 Nxd1 30. Bxe3 Nxe3 31. Rxe3 cxd6 32. Rxe6 Bxf3 33. Rxd6 Rxg2+ 34. Kh1 Rd2+ 35. Kg1 Rg2+ 36. Kh1 Rg6+ 37. Nxf3 Rxd6 38. Kg2 Rd3 39. Nxh4 Ke6 40. Ng3 Rxa3 41. Nhxf5 Ke5 42. Ne7 Kd6 43. Nef5+ Kd5 44. Ne7+ Kc4 45. Ne4 Kxb4 46. Nc6+ Kc4 47. Nf2 Kc5 48. Ne7 a5 49. Ne4+ Kc4 50. Nd6+ Kd3 51. Kf3 a4 52. Nc6 Rb3 53. Na5 Rb8 54. Nac4 Kd4 55. Ke2 Ne5 56. Na3 Rb3 57. Nc2+ Kc3 58. Ne3 Rb2+ 59. Kf1 Rb1+ 60. Ke2 a3 61. Ne4+ Kb2 62. Nd2 a2 0-1

[Event "HUN-chT2 Breyer 0304"]
[Site "Hungary"]
[Date "2003.10.05"]
[Round "2"]
[White "Gal, Lajos"]
[Black "Szucs, Imre"]
[Result "1/2-1/2"]
[WhiteElo "2147"]
[BlackElo "2037"]
[PlyCount "24"]
[EventDate "2003.09.28"]
[EventType "team-tourn"]
[EventRounds "11"]
[EventCountry "HUN"]
[SourceTitle "EXT 2009"]
[Source "ChessBase"]
[SourceDate "2008.11.26"]
[SourceVersion "1"]
[SourceVersionDate "2008.11.26"]
[SourceQuality "1"]
[WhiteTeam "Zoltek"]
[BlackTeam "Vizugy II"]
[WhiteTeamCountry "HUN"]
[BlackTeamCountry "HUN"]

1. f4 d6 2. Nf3 Nf6 3. e3 g6 4. d3 Bg7 5. g3 Bd7 6. Bg2 Bc6 7. 0-0 0-0 8. Nc3 Nbd7 9. d4 e6 10. Qd3 Nd5 11. e4 Nxc3 12. bxc3 Nf6 1/2-1/2

[Event "HUN-chT2 Breyer 0304"]
[Site "Hungary"]
[Date "2003.09.28"]
[Round "1"]
[White "Szucs, Imre"]
[Black "Mincsovics, Miklos"]
[Result "1/2-1/2"]
[WhiteElo "2037"]
[BlackElo "2159"]
[PlyCount "35"]
[EventDate "2003.09.28"]
[EventType "team-tourn"]
[EventRounds "11"]
[EventCountry "HUN"]
[SourceTitle "EXT 2009"]
[Source "ChessBase"]
[SourceDate "2008.11.26"]
[SourceVersion "1"]
[SourceVersionDate "2008.11.26"]
[SourceQuality "1"]
[WhiteTeam "Vizugy II"]
[BlackTeam "Szentendre"]
[WhiteTeamCountry "HUN"]
[BlackTeamCountry "HUN"]

1. d4 Nf6 2. Nf3 g6 3. c3 Bg7 4. Bg5 Ne4 5. Bh4 d5 6. Nbd2 c5 7. e3 Nc6 8. Be2 0-0 9. 0-0 cxd4 10. exd4 Nd6 11. Re1 Nf5 12. Bg3 Nxg3 13. hxg3 Qd6 14. Nf1 Bd7 15. Qd2 Rab8 16. a4 Na5 17. Qf4 Qxf4 18. gxf4 1/2-1/2

[Event "HUN-chT2 Erkel 0203"]
[Site "Hungary"]
[Date "2003.04.06"]
[Round "10"]
[White "Bogar, Attila"]
[Black "Szucs, Imre"]
[Result "1/2-1/2"]
[WhiteElo "2210"]
[BlackElo "1937"]
[PlyCount "43"]
[EventDate "2002.09.22"]
[EventType "team-tourn"]
[EventRounds "11"]
[EventCountry "HUN"]
[SourceTitle "EXT 2009"]
[Source "ChessBase"]
[SourceDate "2008.11.26"]
[SourceVersion "1"]
[SourceVersionDate "2008.11.26"]
[SourceQuality "1"]

1. e4 Nf6 2. e5 Nd5 3. d4 d6 4. Nf3 Bg4 5. Be2 Nc6 6. c4 Nb6 7. exd6 cxd6 8. b3 g6 9. h3 Bxf3 10. Bxf3 Bg7 11. Bb2 0-0 12. 0-0 Re8 13. Na3 e5 14. Bxc6 bxc6 15. c5 dxc5 16. dxc5 Nd5 17. Nc4 Qg5 18. Qg4 Qxg4 19. hxg4 e4 20. Bxg7 Kxg7 21. Na5 Re6 22. Rfd1 1/2-1/2

[Event "Gyongyos Matra op 25th"]
[Site "Gyongyos"]
[Date "2002.07.30"]
[Round "7.28"]
[White "Hatos, Krisztian"]
[Black "Szucs, Imre"]
[Result "0-1"]
[WhiteElo "2080"]
[BlackElo "2011"]
[PlyCount "40"]
[EventDate "2002.08.04"]
[EventType "swiss"]
[EventRounds "9"]
[EventCountry "HUN"]
[SourceTitle "EXT 2004"]
[Source "ChessBase"]
[SourceDate "2003.11.25"]
[SourceVersion "1"]
[SourceVersionDate "2003.11.25"]
[SourceQuality "1"]

1. d4 Nf6 2. c4 g6 3. f3 c5 4. d5 d6 5. e4 e5 6. Bd3 Nh5 7. Ne2 Na6 8. a3 Bg7 9. Nbc3 Qh4+ 10. Kd2 Qg5+ 11. Kc2 Qxg2 12. Be3 Nf4 13. Qd2 Nxd3 14. Kxd3 Qxf3 15. Raf1 Qh3 16. Ng3 0-0 17. Qf2 f5 18. exf5 Bxf5+ 19. Kd2 Bg4 20. Qe1 Bf3 0-1

[Event "HUN-chT2 0102"]
[Site "Hungary"]
[Date "2002.01.27"]
[Round "6"]
[White "Cselotei, Ivan"]
[Black "Szucs, Imre"]
[Result "1/2-1/2"]
[WhiteElo "2199"]
[BlackElo "2030"]
[PlyCount "112"]
[EventDate "2001.??.??"]
[EventType "team-tourn"]
[EventRounds "11"]
[EventCountry "HUN"]
[SourceTitle "EXT 2004"]
[Source "ChessBase"]
[SourceDate "2003.11.25"]
[SourceVersion "1"]
[SourceVersionDate "2003.11.25"]
[SourceQuality "1"]

1. e4 c5 2. Nf3 Nc6 3. d4 cxd4 4. Nxd4 Qc7 5. Nc3 e6 6. g3 a6 7. Bg2 b5 8. 0-0 Bb7 9. Re1 Nxd4 10. Qxd4 d6 11. a4 bxa4 12. Qxa4+ Qc6 13. Qxc6+ Bxc6 14. Nd5 Kd8 15. Nb6 Ra7 16. Be3 Nf6 17. Nc4 Ra8 18. Na5 Rc8 19. Nxc6+ Rxc6 20. Rec1 Ng4 21. e5 d5 22. Bd4 Bc5 23. c3 Kd7 24. h3 Bxd4 25. cxd4 Rxc1+ 26. Rxc1 Nh6 27. g4 Rb8 28. Rc2 Ng8 29. Bf1 Rb6 30. Kg2 Ne7 31. Kf3 Nc6 32. Ke3 Rb3+ 33. Rc3 Rxc3+ 34. bxc3 a5 35. Bb5 Kc7 36. Kd3 Kb6 37. Ba4 f6 38. f4 fxe5 39. dxe5 Kc5 40. Bxc6 Kxc6 41. f5 exf5 42. gxf5 g6 43. f6 Kd7 44. Kd4 Ke6 45. Kc5 a4 46. Kb4 g5 47. Kxa4 h5 48. Kb5 g4 49. hxg4 hxg4 50. Kc6 g3 51. f7 Kxf7 52. Kd7 g2 53. e6+ Kg7 54. e7 g1Q 55. e8Q Qa7+ 56. Kd6 Qa3+ 1/2-1/2

[Event "Gyongyos Matra Cup"]
[Site "Gyongyos"]
[Date "2001.04.14"]
[Round "5.6"]
[White "Baki, Peter"]
[Black "Szucs, Imre"]
[Result "1/2-1/2"]
[WhiteElo "2170"]
[BlackElo "2011"]
[PlyCount "32"]
[EventDate "2001.04.13"]
[EventType "swiss"]
[EventRounds "7"]
[EventCountry "HUN"]
[SourceTitle "EXT 2004"]
[Source "ChessBase"]
[SourceDate "2003.11.25"]
[SourceVersion "1"]
[SourceVersionDate "2003.11.25"]
[SourceQuality "1"]

1. e4 Nf6 2. d3 d5 3. Nd2 e5 4. Ngf3 Nc6 5. Be2 Bd6 6. 0-0 0-0 7. c3 dxe4 8. dxe4 Re8 9. Qc2 Bg4 10. h3 Bh5 11. Rd1 Qe7 12. Nc4 Rad8 13. Nxd6 cxd6 14. Bg5 h6 15. Be3 Bg6 16. Bd3 d5 1/2-1/2

[Event "HUN-chT2 Maroczy 0001"]
[Site "Hungary"]
[Date "2001.02.04"]
[Round "6"]
[White "Szucs, Imre"]
[Black "Restas, Peter"]
[Result "1-0"]
[WhiteElo "2014"]
[BlackElo "2273"]
[PlyCount "95"]
[EventDate "2000.11.26"]
[EventType "team"]
[EventRounds "11"]
[EventCountry "HUN"]
[SourceTitle "EXT 2007"]
[Source "ChessBase"]
[SourceDate "2006.11.23"]
[SourceVersion "1"]
[SourceVersionDate "2006.11.23"]
[SourceQuality "1"]
[WhiteTeam "Szeged Portal"]
[BlackTeam "Mako"]
[WhiteTeamCountry "HUN"]
[BlackTeamCountry "HUN"]

1. d4 Nf6 2. Bg5 c5 3. Bxf6 gxf6 4. d5 Qb6 5. b3 f5 6. c3 Qf6 7. e3 b6 8. a4 Bb7 9. Be2 Qe5 10. Bc4 e6 11. Nf3 Qd6 12. Ra2 Bxd5 13. Bxd5 Qxd5 14. Qxd5 exd5 15. Rd2 Nc6 16. Rxd5 Ne7 17. Rd6 Rg8 18. 0-0 Rg6 19. Rfd1 Rd8 20. R6d2 Nc6 21. c4 Bh6 22. Nh4 Rf6 23. Nc3 Ne7 24. g3 Rc6 25. Nd5 Bg5 26. Nxe7 Bxe7 27. Nxf5 Bf8 28. f4 Re6 29. Kf2 f6 30. Kf3 d6 31. e4 Kd7 32. Nxd6 Rxd6 33. Rxd6+ Bxd6 34. e5 fxe5 35. fxe5 Rf8+ 36. Ke3 Rf5 37. exd6 Re5+ 38. Kf3 Rf5+ 39. Ke3 Re5+ 40. Kf4 Re2 41. h4 h5 42. Rd3 a6 43. Kf5 Re8 44. Kg5 Re5+ 45. Kg6 a5 46. Kf6 Re6+ 47. Kg5 Re5+ 48. Kg6 1-0

[Event "Gyongyos Matra Cup"]
[Site "Gyongyos"]
[Date "2000.??.??"]
[Round "?"]
[White "Szucs, Imre"]
[Black "Dolanyi, Jozsef"]
[Result "1/2-1/2"]
[WhiteElo "2011"]
[BlackElo "2055"]
[PlyCount "24"]
[EventDate "2000.07.??"]
[EventType "swiss"]
[EventRounds "9"]
[EventCountry "HUN"]
[SourceTitle "EXT 2004"]
[Source "ChessBase"]
[SourceDate "2003.11.25"]
[SourceVersion "1"]
[SourceVersionDate "2003.11.25"]
[SourceQuality "1"]

1. d4 d5 2. Nf3 c6 3. c3 Bf5 4. Bf4 Nf6 5. e3 Nbd7 6. Nbd2 e6 7. Be2 Be7 8. 0-0 0-0 9. Qb3 Qb6 10. c4 c5 11. Rac1 Rac8 12. Nh4 Be4 1/2-1/2

[Event "Gyongyos Matra Cup"]
[Site "Gyongyos"]
[Date "2000.??.??"]
[Round "?"]
[White "Szucs, Imre"]
[Black "Lazar, Andras"]
[Result "0-1"]
[WhiteElo "2011"]
[BlackElo "2135"]
[PlyCount "86"]
[EventDate "2000.07.??"]
[EventType "swiss"]
[EventRounds "9"]
[EventCountry "HUN"]
[SourceTitle "EXT 2004"]
[Source "ChessBase"]
[SourceDate "2003.11.25"]
[SourceVersion "1"]
[SourceVersionDate "2003.11.25"]
[SourceQuality "1"]

1. d4 Nf6 2. Nf3 b6 3. c4 Bb7 4. Nc3 e6 5. Qc2 Bb4 6. Bd2 c5 7. e3 Nc6 8. dxc5 Bxc5 9. a3 Rc8 10. Be2 0-0 11. 0-0 Bd6 12. Rad1 Qe7 13. Nb5 Bb8 14. Bc3 a6 15. Nbd4 Ne5 16. Bb4 Nxf3+ 17. Bxf3 d6 18. Bxb7 Qxb7 19. Qe2 Rfd8 20. Rc1 Nd7 21. Qg4 Ne5 22. Qe2 Qe4 23. Rfd1 d5 24. cxd5 Rxc1 25. Rxc1 Nd3 26. Rd1 Nxb4 27. axb4 Qxd5 28. Rc1 b5 29. Qc2 Bd6 30. Nc6 Rd7 31. e4 Qh5 32. e5 Bf8 33. f3 Qg5 34. Rd1 Qe3+ 35. Kh1 g6 36. h3 Rc7 37. Rd8 Qb6 38. Ne7+ Kg7 39. Nc8 Qb8 40. Nd6 Qxd8 41. Ne8+ Qxe8 42. Qxc7 Bxb4 43. h4 Qe7 0-1

[Event "HUN-chT2 9798"]
[Site "Hungary"]
[Date "1998.??.??"]
[Round "?"]
[White "Arato, Bela"]
[Black "Szucs, Imre"]
[Result "1-0"]
[WhiteElo "2085"]
[BlackElo "2015"]
[PlyCount "53"]
[EventDate "1997.??.??"]
[EventType "team-tourn"]
[EventRounds "11"]
[EventCountry "HUN"]
[SourceTitle "EXT 1999"]
[Source "ChessBase"]
[SourceDate "1998.11.16"]
[SourceVersion "1"]
[SourceVersionDate "1998.11.16"]
[SourceQuality "1"]

1. e4 e5 2. Nf3 Nc6 3. Bb5 a6 4. Ba4 Bc5 5. c3 b5 6. Bc2 Qf6 7. 0-0 d6 8. d4 Bb6 9. d5 Nce7 10. a4 h6 11. axb5 a5 12. b4 g5 13. bxa5 Rxa5 14. Rxa5 Bxa5 15. Be3 Bb6 16. Bxb6 cxb6 17. Nfd2 Bd7 18. Nc4 Nc8 19. Nbd2 h5 20. Qa1 Nh6 21. Qa8 Ke7 22. Qb7 Ng4 23. f3 Nh6 24. Nxb6 Nxb6 25. Qxb6 Qg6 26. Qa7 g4 27. f4 1-0